Kinh tế vi mô: Cơ sở cho quản lý doanh nghiệp và quản lý vĩ mô
Gespeichert in:
| 1. Verfasser: | |
|---|---|
| Format: | Buch |
| Sprache: | Undetermined |
| Veröffentlicht: |
Tp. HCM
ĐHQG
2002
|
| Schlagworte: | |
| Tags: |
Tag hinzufügen
Keine Tags, Fügen Sie den ersten Tag hinzu!
|
| Thư viện lưu trữ: | Trung tâm Học liệu Trường Đại học Cần Thơ |
|---|
| LEADER | 00545nam a2200181Ia 4500 | ||
|---|---|---|---|
| 001 | CTU_56934 | ||
| 008 | 210402s9999 xx 000 0 und d | ||
| 020 | |b 19000 | ||
| 082 | |a 338.5 | ||
| 082 | |b Nh121 | ||
| 100 | |a Nguyễn Thiện Nhân | ||
| 245 | 0 | |a Kinh tế vi mô: Cơ sở cho quản lý doanh nghiệp và quản lý vĩ mô | |
| 245 | 0 | |c Nguyễn Thiện Nhân | |
| 260 | |a Tp. HCM | ||
| 260 | |b ĐHQG | ||
| 260 | |c 2002 | ||
| 650 | |a microeconomics | ||
| 980 | |a Trung tâm Học liệu Trường Đại học Cần Thơ | ||